Stabilitná analýza prekrytia skládky odpadov
Na minha lista:
| Autor principal: | |
|---|---|
| Outros Autores: | |
| Formato: | Manuscrito Livro |
| Idioma: | eslovaco |
| Publicado em: |
2016
|
| Assuntos: | |
| Acesso em linha: | http://is.stuba.sk/zp/portal_zp.pl?podrobnosti=107843 https://opac.crzp.sk/?fn=detailBiblioForm&sid=427371B0090519B80444D621842E |
| Tags: |
Sem tags, seja o primeiro a adicionar uma tag!
|
MARC
| LEADER | 00000ntm a22000003a 4500 | ||
|---|---|---|---|
| 001 | stuzp56618 | ||
| 003 | SK-STU | ||
| 005 | 20230908114416.3 | ||
| 007 | ta | ||
| 008 | 150427s2015----xo-----f-mn---000-0-slo-d | ||
| 040 | |a STU |b slo | ||
| 041 | 0 | |a slo | |
| 100 | 1 | |a Kollárová, Mária |u 010150 |4 aut |U SvF Stavebná fakulta |T SvF Katedra geotechniky |X 73288 |U V150 |Y 15 |7 73288 | |
| 242 | 0 | 1 | |a Stability analysis overlay of the landfill |y eng |
| 245 | 1 | 0 | |a Stabilitná analýza prekrytia skládky odpadov |
| 260 | |c 2016 | ||
| 650 | 4 | |a odpad |2 slo | |
| 650 | 4 | |a prekrytie skládky |2 slo | |
| 650 | 4 | |a parametrická štúdia |2 slo | |
| 650 | 4 | |a waste |2 eng | |
| 650 | 4 | |a overlay of landfill |2 eng | |
| 650 | 4 | |a landfill |2 eng | |
| 700 | 1 | |a Slávik, Ivan |u 010150 |k Z1 |4 ths |U SvF Stavebná fakulta |T SvF Katedra geotechniky |X 696 |U V150 |Y 15 |7 A000000696 | |
| 856 | 4 | |u http://is.stuba.sk/zp/portal_zp.pl?podrobnosti=107843 | |
| 856 | 4 | |u https://opac.crzp.sk/?fn=detailBiblioForm&sid=427371B0090519B80444D621842E | |
| SQL | |a stuzp56618 |b DBP |c SLO |d Stabilitná analýza prekrytia skládky odpadov |e 73288 |f Kollárová, Mária |g 010150 |h 696 |i Slávik, Ivan |j 20160620 |k 985 |l 01 |m http://is.stuba.sk/zp/portal_zp.pl?podrobnosti=107843 |n B-STOP |o 5.2.8. stavebníctvo, 6.4.1. vodné hospodárstvo | ||